The city in action: (Record no. 8494)

MARC details
000 -LEADER
fixed length control field 00798 a2200205 4500
010 ## - LCCN (DPL NO)
LC control number ENG-88484 B-430946
020 ## - INTERNATIONAL STANDARD BOOK NUMBER
International Standard Book Number 0195679296
Terms of availability 695.00
035 ## - SYSTEM CONTROL NUMBER
System control number EN-72017 B-430946
037 ## - SOURCE OF ACQUISITION
Source of stock number/acquisition DBAD / PUB
037 ## - SOURCE OF ACQUISITION
Source of stock number/acquisition Allied Pub/Ven
082 14 - DEWEY DECIMAL CLASSIFICATION NUMBER
Classification number 320.95441
100 1# - MAIN ENTRY--PERSONAL NAME
Personal name Masselos, Jim
245 1# - TITLE STATEMENT
Title The city in action:
Statement of responsibility, etc by Jim Masselos
Remainder of title Bombay struggles for power/
260 ## - PUBLICATION, DISTRIBUTION, ETC. (IMPRINT)
Place of publication, distribution, etc New Delhi
Name of publisher, distributor, etc Oxford University Press
Date of publication, distribution, etc 2007
270 ## - ADDRESS
Address YMCA Library Building, Jai Singh Road
City New Delhi
Postal code 110 001
300 ## - PHYSICAL DESCRIPTION
Extent viii, 414p.
Dimensions 22cm (Hb )
500 ## - GENERAL NOTE
General note Includes bibliographical references and index
942 ## - ADDED ENTRY ELEMENTS (KOHA)
Institution code [OBSOLETE] dpl
Item type English Books
Source of classification or shelving scheme Dewey Decimal Classification
Classification part 320.95441
Call number suffix MAS
Holdings
Withdrawn status Lost status Not for loan Collection code Home library Current library Source of acquisition Cost, normal purchase price Full call number Barcode Copy number Cost, replacement price Koha item type Date acquired
      Non-fiction Central Library Central Library Allied Pub/2951/29.3.11/78/14.3.11/31.3.11 695.00 320.95441MAS B-430946 1 695.00 English Books 27/06/2011
    Not For Loan Non-fiction D.B.Act.Division D.B.Act.Division DBAD/PUB 695.00 320.95441 MAS EN-72017 1 695.00 English Books  

© Delhi Public Library
Hit Counter
free hit counter